| 000 | 00353nam a22001217a 4500 | ||
|---|---|---|---|
| 008 | 230703b xxu||||| |||| 00| 0 eng d | ||
| 082 |
_a352 _bSEV |
||
| 100 | _cDirectorate of personnel management | ||
| 245 | _aDistrict Focus Training Programme | ||
| 260 |
_anairobi, Kenya _bDirectorate of personnel management _c1989 |
||
| 300 | _a11p | ||
| 942 |
_2ddc _cBK |
||
| 999 |
_c3167 _d3167 |
||